000 00687nam a2200289Ia 4500
005 20260324140238.0
008 008 260324s9999 xx 000 0 eng d
020 _a9781315061863
037 _aEBOOK
040 _aCRL
040 _beng
040 _cCRL
041 _2eng
041 _aeng
084 _qCRL
100 _aFrank N. Magill
_91203665
245 4 _aThe 17th and 18th Centuries
245 0 _bDictionary of World Biography, Volume 4
260 _bTaylor and Francis
260 _c1999
365 _a
365 _b310
856 _uhttp://www.taylorfrancis.com/books/9781315061863
942 _cEBOOK
999 _c1805548
_d1805548